=LDR 00000nam 2200000 4500 =001 INLIS000000000023734 =990 ##$$a 01201805458 =005 20130612122352 =008 ***********************************Ind** =035 ##$$0010-061300000023734 =041 ##$$a Ind =082 ##$$a 657.45 =090 ##$$a 657.45, Mul a =100 ##$$a Mulyadi =245 ##$$a Auditing, Mulyadi =260 ##$$a 2002 $b Jakarta =300 ##$$a 450 hlm, 26 cm =650 ##$$a Auditing =850 ##$$a NBPNMAT =990 ##$$a 54585458 =990 ##$$a 01201805458 =990 ##$$a 05150515 =990 ##$$a 05160516 =990 ##$$a 40601054 =990 ##$$a 01201805458 =990 ##$$a 01200200516